000 00814nas a2200265 4500
001 BR0200177
003 BR-BrBNA
005 20231205102636.0
007 ta
008 230509b bl.|||p| |||| 00| 00por d
040 _aBR-BrBNA
_bpor
_cBiblioteca Nacional de Agricultura
041 _a(Pt)
072 _aL72
100 1 _aFerry, F.R. de A.
100 1 _aInada, T.
100 1 _aPinheiro, N.L.
100 1 _aBorja, G.E.M.
245 1 _aSíntese do envoltório do ovo de Dermatobia hominis (Linnaeus Júnior, 1781)(Diptera: cuterebridae)
650 _aMOSCA
650 _aLARVA
650 _aBERNE
773 0 _tRevista Brasileira de Medicina Veterinária (Brazil)
_xISSN 0100-2430
_g(May-Jun 2001), v. 23(3) p. 122-125
_wBR0200177
909 _a202311
_bLúcia
_c55
_dLúcia Elande
942 _2AGRIS
_n0
_cANA
999 _c168600
_d168600